000 00766nam a22001817a 4500
005 20120206141135.0
020 _c142.00
_a
035 _aB-74921
037 _a dpl
082 _a133.335
100 _aश्रीवास्तव, हरीश
_940919
245 1 _aअंकोदया /
_cहरीश श्रीवास्तव
260 _aदिल्ली
_bमेघ प्रकाशन
_c2001
270 _a
_b
_e
_k
300 _a151पृ.
_c22सेमी (सजिल्द)
942 _adpl
_cHN
_k
_2ddc
_h133.335
_mश्रीवास्त
999 _c62040
_d62040